Memorias del simposio internacional ecobios Colombia 88 (Registro nro. 218)

Detalles MARC
000 -CABECERA
Campo de control 00975nam a2200277 a 4500
005 - FECHA Y HORA DE LA ULTIMA TRANSACCION
Campo de control 20200104041508.0
008 - ELEMENTOS DE LONGITUD FIJA—INFORMACION GENERAL
Campo de control 140219b1990 ck ||||| |||| 00| 0 spa d
040 ## - FUENTE DE CATALOGACIÓN
Agencia catalogadora original CO-BoIAVH
Agencia transcriptora CO-BoIAVH
041 ## - IDIOMA
Código de idioma para texto/pista de sonido o título separado Español
044 ## - PAÍS DE PUBLICACIÓN
País de publicación Colombia
090 ## - CLASIFICACIÓN LOCAL
Colección IND-
Consecutivo 86
100 ## - ASIENTO PRINCIPAL--NOMBRE PERSONAL
Nombre personal Sánchez Páez, Heliodoro
9 (RLIN) 6970
111 ## - ASIENTO PRINCIPAL--NOMBRE DE REUNION
Nombre de reunión o de jurisdicción como elemento de entrada Simposio Internacional Ecobios Colombia 88
Lugar de la reunión Santafé de Bogotá, Colombia
Fecha de la reunión 1998
9 (RLIN) 89336
245 ## - MENCION DE TITULO
Título Memorias del simposio internacional ecobios Colombia 88
Parte restante del título el desarrollo sostenible estrategias, políticas y acciones
260 ## - PUBLICACION, DISTRIBUCION, ETC. (PIE DE IMPRENTA)
Lugar de publicación, distribución, etc. Bogotá
Nombre del editor, distribuidor, etc. Inderena
Fecha de publicación, distribución, etc. 1990
300 ## - DESCRIPCION FISICA
Extensión 548. páginas
650 14 - ASIENTO SECUNDARIO DE MATERIA - TERMINO TEMATICO
Término temático o nombre geográfico como elemento de entrada Desarrollo sostenible
9 (RLIN) 278
650 14 - ASIENTO SECUNDARIO DE MATERIA - TERMINO TEMATICO
Término temático o nombre geográfico como elemento de entrada Política ambiental
9 (RLIN) 89338
650 14 - ASIENTO SECUNDARIO DE MATERIA - TERMINO TEMATICO
Término temático o nombre geográfico como elemento de entrada Conservación de biodiversidad
9 (RLIN) 345
650 14 - ASIENTO SECUNDARIO DE MATERIA - TERMINO TEMATICO
Término temático o nombre geográfico como elemento de entrada Planes de manejo ambiental
9 (RLIN) 89340
650 14 - ASIENTO SECUNDARIO DE MATERIA - TERMINO TEMATICO
Término temático o nombre geográfico como elemento de entrada Educación ambiental
9 (RLIN) 162
650 14 - ASIENTO SECUNDARIO DE MATERIA - TERMINO TEMATICO
Término temático o nombre geográfico como elemento de entrada Política de ciencia y tecnología
9 (RLIN) 6975
662 ## - ASIENTO SECUNDARIO DE MATERIA - JERARQUIA DEL NOMBRE DE LUGAR(
País o entidad mayor Colombia
700 ## - ASIENTO SECUNDARIO - NOMBRE PERSONAL
Nombre personal Rodríguez, José Vicente
9 (RLIN) 6976
942 ## - ELEMENTOS ADICIONALES (KOHA)
Tipo de ítem Libro
Sistema de clasificación Local
Existencias
Withdrawn status Lost status Sistema de Clasificación Damaged status No para préstamo Colección Inventariado Ubicación Permanente Ubicación actual Fecha de adquisición Fuente de Valor Total Checkouts Número topográfico Inventario / Código de Barras Date last seen Ejemplar Price effective from Forma de adquisición Tipo de material
    Local     Fondo Inderena Inventariado 2017 Bogotá Bogotá 24/12/1997 Instituto   IND-86 000274 04/12/2012 Ej. 1 04/12/2012 Traslado Inderena Libro
    Dewey Decimal Classification     General Inventariado 2017 Sala Fabio Quevedo Sala Fabio Quevedo 24/12/1997 Instituto   LB-577.986 I38e 000275 04/12/2012 Ej. 2 04/12/2012   Libro
    Dewey Decimal Classification     General Inventariado 2017 Sala Fabio Quevedo Sala Fabio Quevedo 24/12/1997 Instituto   LB-577.986 I38e 000276 04/12/2012 Ej. 3 04/12/2012 Donación Libro